LEADER 00911cam0 2200265 450 001 000013338 005 20181019102541.0 100 $a20080620d1966----km-y0itay50------ba 101 0 $aita 102 $aIT 105 $ay-------001yy 200 1 $a<>plusvalenze nel sistema dell'imposta mobiliare$fGaspare Falsitta 210 $aMilano$cGiuffrè$d1966 215 $a520 p.$d25 cm 500 10$a<>plusvalenze nel sistema dell'imposta mobiliare$936328 610 1 $aImposta ricchezza mobile$aPlusvalore 676 $a336$v17$9Finanza pubblica. Tributi 676 $a336.200945$v19$9Tasse e tassazione. Italia 700 1$aFalsitta,$bGaspare$0109815 801 0$aIT$bUNIPARTHENOPE$c20080620$gRICA$2UNIMARC 912 $a000013338 951 $a336/113$b18254$cNAVA4 951 $aDEP I-0167$bs.i.$cNAVA4$d20080620 996 $aPlusvalenze nel sistema dell'imposta mobiliare$936328 997 $aUNIPARTHENOPE